| 000 | 01283nam a22003251i 4500 | ||
|---|---|---|---|
| 001 | bslw10058104 | ||
| 005 | 20240305165652.0 | ||
| 006 | m o d | ||
| 007 | cr un ---uuuua | ||
| 008 | 230610s2012 sp ob 000 0 spa d | ||
| 020 | _a9788413815978 | ||
| 035 | _a38513 | ||
| 040 |
_aUtOrBLW _beng _erda _cUtOrBLW |
||
| 043 | _an-mx--- | ||
| 050 | 4 |
_aKGF2569 _b.T37 2012 |
|
| 082 | 0 | 4 |
_a347.7205 _223 |
| 100 | 1 |
_aTaruffo, Michele, _eauthor. |
|
| 245 | 1 | 0 |
_aProceso y decisión lecciones mexicanas de Derecho Procesal / _cMichele Taruffo ; prólogo de Dra. Leticia Bonifaz Alfonzo y Magistrado Leonel Castillo González ; presentación de Magistrado Presidente Jaime del Río Salcedo ; estudio preliminar de Magistrado Presidente José Alejandro Luna Ramos. |
| 264 | 1 |
_aMadrid : _bMarcial Pons, _c2012. |
|
| 300 | _a1 online resource (285 pages) | ||
| 336 |
_atext _btxt _2rdacontent |
||
| 337 |
_acomputer _bc _2rdamedia |
||
| 338 |
_aonline resource _bcr _2rdacarrier |
||
| 504 | _aIncludes bibliographical references. | ||
| 650 | 0 |
_aProcedure (Law) _zMexico. |
|
| 700 | 1 |
_aBonifaz Alfonzo, Leticia, _ewriter of introduction. |
|
| 700 | 1 |
_aCastillo González, Leonel, _ewriter of introduction. |
|
| 856 | 4 | 0 | _uhttps://app.vlex.com/#/sources/38513 |
| 942 | _cRAA | ||
| 999 |
_c172838 _d172838 |
||